| 000 -LEADER |
| fixed length control field |
nam a22 a 4500 |
| 003 - CONTROL NUMBER IDENTIFIER |
| control field |
AKMAL |
| 005 - DATE AND TIME OF LATEST TRANSACTION |
| control field |
20170509092922.0 |
| 008 - FIXED-LENGTH DATA ELEMENTS--GENERAL INFORMATION |
| fixed length control field |
170509s1988 my 00 may d |
| 039 #9 - LEVEL OF BIBLIOGRAPHIC CONTROL AND CODING DETAIL [OBSOLETE] |
| Level of rules in bibliographic description |
200905211019 |
| Level of effort used to assign nonsubject heading access points |
faridah |
| Level of effort used to assign subject headings |
200905191716 |
| Level of effort used to assign classification |
avid3 |
| 040 ## - CATALOGING SOURCE |
| Original cataloging agency |
AKMAL |
| Transcribing agency |
AKMAL |
| 041 1# - LANGUAGE CODE |
| Language code of text/sound track or separate title |
may |
| Language code of original |
ara |
| 049 ## - LOCAL HOLDINGS (OCLC) |
| Holding library |
mal |
| 082 04 - DEWEY DECIMAL CLASSIFICATION NUMBER |
| Classification number |
297.7 HAM |
| Edition number |
20 |
| 090 00 - LOCALLY ASSIGNED LC-TYPE CALL NUMBER (OCLC); LOCAL CALL NUMBER (RLIN) |
| Classification number (OCLC) (R) ; Classification number, CALL (RLIN) (NR) |
297.7 |
| Local cutter number (OCLC) ; Book number/undivided call number, CALL (RLIN) |
HAM |
| 100 ## - MAIN ENTRY--PERSONAL NAME |
| Personal name |
Hamid Abdul Khalik Hamid |
| 9 (RLIN) |
2557 |
| 245 1# - TITLE STATEMENT |
| Title |
Bimbinglah anakmu mengenal Allah SWT : |
| Remainder of title |
sebuah catatan untuk kaum ibu / |
| Statement of responsibility, etc. |
Hamid Abdul Khalik Hamid |
| 260 ## - PUBLICATION, DISTRIBUTION, ETC. |
| Place of publication, distribution, etc. |
Kuala Lumpur : |
| Name of publisher, distributor, etc. |
Penerbit Darul Fikir, |
| Date of publication, distribution, etc. |
1988 |
| 300 ## - PHYSICAL DESCRIPTION |
| Extent |
100ms. ; |
| Dimensions |
21cm |
| 500 ## - GENERAL NOTE |
| General note |
Mula diterbitkan: Bandung: Penerbit Husaini |
| 500 ## - GENERAL NOTE |
| General note |
Terjemahan dari: Khudzi bi yadi thiflik ilallah. Kairo: Darul Basyir, 1985 |
| 500 0# - GENERAL NOTE |
| General note |
Mengandungi ayat-ayat dari Quran |
| 650 10 - SUBJECT ADDED ENTRY--TOPICAL TERM |
| Topical term or geographic name entry element |
Islamic religious education of children |
| 9 (RLIN) |
2558 |
| 650 20 - SUBJECT ADDED ENTRY--TOPICAL TERM |
| Topical term or geographic name entry element |
Child rearing |
| General subdivision |
Religious aspects |
| -- |
Islam |
| 9 (RLIN) |
2559 |
| 650 20 - SUBJECT ADDED ENTRY--TOPICAL TERM |
| Topical term or geographic name entry element |
Motherhood |
| General subdivision |
Religious aspects |
| -- |
Islam |
| 9 (RLIN) |
2560 |
| 650 2# - SUBJECT ADDED ENTRY--TOPICAL TERM |
| Topical term or geographic name entry element |
Family |
| General subdivision |
Islam |
| 9 (RLIN) |
2561 |
| 650 2# - SUBJECT ADDED ENTRY--TOPICAL TERM |
| Topical term or geographic name entry element |
Islamic religious life of children |
| 9 (RLIN) |
2562 |
| 942 ## - ADDED ENTRY ELEMENTS (KOHA) |
| Source of classification or shelving scheme |
|
| Koha item type |
Book |